| 000 | 00906cam a2200265 a 4500 | ||
|---|---|---|---|
| 001 | 5778 | ||
| 003 | KOHA_Mirakıl | ||
| 005 | 20250212100922.0 | ||
| 008 | 091023s2008||||tu############000|0#tur|| | ||
| 009 | 00TUR0Y009956 200910232008ma | ||
| 020 | _a9789752637412 | ||
| 040 |
_aAK Parti _btur _cAK Parti |
||
| 041 | 0 | _atur | |
| 090 |
_aDR435.K87 _bG94 2008 |
||
| 100 | 1 | _aGüzelgöz, Osman | |
| 245 | 1 | 0 |
_aKürt meselesi ile yüzleşmek : _bsınırlar zorlanırken kapıları açmak / _cOsman Güzelgöz ; editör, Selman Kayabaşı. |
| 250 | _a1. baskı. | ||
| 260 |
_aİstanbul : _bTimaş Yayınları, _c2008. |
||
| 300 |
_a191 p. ; _c20 cm. |
||
| 490 | 0 |
_aTimaş yayınları ; _v1817. Aktüel siyaset perde arkası ; 42 |
|
| 650 | 0 |
_aKurds _zTurkey, Eastern _xHistory |
|
| 650 | 0 |
_aKurds _zTurkey _xEthnic identity |
|
| 700 | 1 | _aKayabaşı, Selman | |
| 740 | 0 | _aSınırlar zorlanırken kapıları açmak. | |
| 999 |
_c5776 _d5776 |
||